| 000 | 00745nam a2200193 4500 | ||
|---|---|---|---|
| 001 | 126854 | ||
| 003 | ES-MaACL | ||
| 005 | 20230906192908.0 | ||
| 007 | t| | ||
| 008 | 070214s1937 sp r ||||1| spa d | ||
| 100 | 1 |
_aRibbert, Hugo. _996742 |
|
| 245 | 1 | 0 |
_aTratado de Patología General y Anatomía Patológica / _ciniciado por el Prof. H. Ribbert ; edición completamente reformada por Carl Sterbeng ; traducción de la 2ª edición alemana por el Dr. Francisco Piñero. |
| 250 | _a3ª ed. | ||
| 260 |
_aBarcelona : _b[s. n.], _c1937 ( _fTall. Gráf. Ibero-americanos) |
||
| 300 |
_aXVI, 708 p. : _b759 il. ; _c25 cm. |
||
| 700 | 1 |
_aSternberg, Carl. _9108133 |
|
| 700 | 1 |
_aPiñero, Francisco. _992274 |
|
| 852 |
_aES-MaACL _jE-1017 _bR.18571 |
||
| 999 |
_c126854 _d126854 |
||